| 000 | 00515nam a2200169Ia 4500 | ||
|---|---|---|---|
| 999 |
_c19028 _d19028 |
||
| 003 | OSt | ||
| 005 | 20200611150445.0 | ||
| 008 | 190216s9999||||xx |||||||||||||| ||und|| | ||
| 020 | _a0140561021 | ||
| 040 | _coclc | ||
| 082 |
_a709 _bROW/P |
||
| 100 |
_aRowland, Benjamin _92800 |
||
| 245 | 4 |
_aThe Pelican History Of Art : _bThe Art And Architecture Of India / _cBenjamin Rowland |
|
| 260 |
_bPenguin Books, _c1967. _aAustralia: |
||
| 300 | _a512p | ||
| 942 |
_cBK _2ddc _h709 _iROW/P _k709 _mROW/P |
||